000 00541nam a22002177a 4500
003 UA-OsUOA
001 49447
007 ta
008 20071004b un ||||| |||| 00| 0 ukr d
090 _a82.09
_bФ15
942 _cBK
040 _aUA-OsUOA
_brus
_cUA-OsUOA
_dUA-OsUOA
245 _aО литературе
300 _a335 с.
955 _a1
041 _arus
080 _a82.09
260 _aМ.
_bСовременник
_c1982
650 7 _a82 Література. Літературознавство
_2UDC
999 _c335553
_d335553